| 000 | 00819nam0a22002891 4500 | ||
|---|---|---|---|
| 001 | v19\rc\1974980 | ||
| 005 | 20251118181134.8 | ||
| 035 | _a(NLR Aleph) 005058991 | ||
| 090 |
_a6975826 _c6975826 |
||
| 100 | _a20080623d1914 u y0rusy50 ca | ||
| 101 | 0 | _arus | |
| 102 | _aRU | ||
| 105 | _ay z |||a| | ||
| 200 | 1 |
_aСтихотворения. 1913 г. _fБ. Кошко |
|
| 210 |
_aПермь _cтипо-лит. Губ. правл. _d1914 |
||
| 215 |
_a57 л. _d31 |
||
| 309 | _aТекст напеч. на одной стороне листа | ||
| 700 | 1 |
_aКошко _bБ. |
|
| 801 | 0 |
_aRU _bNLR _gpsbo |
|
| 801 | 0 |
_aRU _bRuMoRGB _2psbo |
|
| 801 | 1 |
_aRU _bProSoft-M _2rusmarc |
|
| 852 |
_aNLR _j37.72.3.3 |
||
| 852 |
_aNLR _j130/6224 |
||
| 899 |
_aRuMoRGB _jM 77/444 |
||
| 899 | _aБАН | ||
| 942 | _cBOOK | ||
| 980 | _aNB | ||